Tous les joueurs de Serie A qui ont une valeur supérieure à 1M€ - Statistiques

Statistiques générales
  • Ce quiz a été pris 21 fois
    16 depuis la dernière actualisation
  • Le résultat moyen est 173 sur 483
Statistiques - réponses
Joueur Pays Poste Club % Correct
Aarón Martín ESP DG Genoa
89%
Alex Meret ITA GK Napoli
89%
Artem Dovbyk UKR BU AS Roma
89%
Benjamin Pavard FRA DC Inter Milano
89%
Charles de Ketelaere BEL MOC Atalanta
89%
Denzel Dumfries P-B DD Inter Milano
89%
Federico Dimarco ITA DG Inter Milano
89%
Giovanni Di Lorenzo ITA DD Napoli
89%
Josep Martínez ESP GK Inter Milano
89%
Lautaro Martínez ARG BU Inter Milano
89%
Mike Maignan FRA GK AC Milano
89%
Paulo Dybala ARG AT AS Roma
89%
Yann Sommer SWI GK Inter Milan
89%
Alessandro Bastoni ITA DC Inter Milano
78%
Alexis Sánchez CHL BU Udinese
78%
André-Frank Zambo-Anguissa CAM MC Napoli
78%
Christian Pulisic USA AD AC Milano
78%
David de Gea ESP GK Fiorentina
78%
Davide Calabria ITA DD AC Milano
78%
David Neres BRA AD Napoli
78%
Douglas Luiz BRA MC Juventus
78%
Fikayo Tomori ENG DC AC Milano
78%
Florian Thauvin FRA AT Udinese
78%
Hakan Çalhanoğlu TUR MDC Inter Milano
78%
Henrikh Mkhitaryan ARM MC Inter Milano
78%
Ismaël Bennacer ALG MDC AC Milano
78%
Khéphren Thuram FRA MC Juventus
78%
Marcus Thuram FRA BU Inter Milano
78%
Mattéo Guendouzi FRA MC Lazio Roma
78%
Mehdi Taremi IRN BU Inter Milano
78%
Nicolò Barella ITA MC Inter Milano
78%
Pierre Kalulu FRA DC Juventus
78%
Rafael Leão POR AG AC Milano
78%
Randal Kolo Muani FRA BU Juventus
78%
Romelu Lukaku BEL BU Napoli
78%
Stanislav Lobotka SVK MDC Napoli
78%
Theo Hernández FRA DG AC Milano
78%
Ademola Lookman NIG AT Atalanta
67%
Adrien Tamèze FRA MDC Torino
67%
Alberto Costa POR DD Juventus
67%
Alessandro Buongiorno ITA DC Napoli
67%
Álvaro Morata ESP BU AC Milano
67%
Angeliño ESP DG AS Roma
67%
Ange-Yoan Bonny FRA BU Parma
67%
Arkadiusz Milik POL BU Juventus
67%
Boulaye Dia SEN BU Lazio Roma
67%
Bremer BRA DC Juventus
67%
Dennis Man ROU AD Parma
67%
Drissa Camara CIV MC Parma
67%
Dušan Vlahović SRB BU Juventus
67%
Duván Zapata COL BU Torino
67%
Francesco Acerbi ITA DC Inter Miano
67%
Giacomo Raspadori ITA AT Napoli
67%
Giovanni Simeone ARG BU Napoli
67%
Gvidas Gineitis LIT MC Torino
67%
Ivan Provedel ITA GK Lazio Roma
67%
Juan Cuadrado COL DLD Atalanta
67%
Kenan Yıldız TUR AG Juventus
67%
Lazar Samardžić SRB MC Atalanta
67%
Manuel Locatelli ITA MDC Juventus
67%
Manu Koné FRA MC AS Roma
67%
Marko Arnautović ÖST BU Inter Milano
67%
Mateo Retegui ITA BU Atalanta
67%
Matteo Darmian ITA DD Inter Milano
67%
Maxence Caqueret FRA MC Como
67%
Michele Di Gregorio ITA GK Juventus
67%
Mile Svilar SRB GK AS Roma
67%
Moise Kean ITA BU Fiorentina
67%
Patric ESP DC Lazio Roma
67%
Pietro Pellegri ITA BU Empoli
67%
Piotr Zieliński POL MC Inter Milano
67%
Robin Gosens GER DG Fiorentina
67%
Ruben Loftus-Cheek ENG MC AC Milano
67%
Samuele Ricci ITA MDC Torino
67%
Scott McTominay SCO MC Napoli
67%
Tammy Abraham ENG BU AC Milano
67%
Taty Castellanos ARG BU Lazio Roma
67%
Teun Koopmeiners P-B MOC Juventus
67%
Thijs Dallinga P-B BU Bologna
67%
Timothy Weah USA AD Juventus
67%
Weston McKennie USA MC Juventus
67%
Youssouf Fofana FRA MDC AC Milano
67%
Yunus Musah USA MC AC Milano
67%
Albert Gudmundsson ISL AT Fiorentina
56%
Alessio Romagnoli ITA DC Lazio Roma
56%
Álex Jiménez ESP DD AC Milano
56%
Amin Sarr SWE BU Hellas Verona
56%
Antonio Sanabria PAR BU Torino
56%
Billy Gilmour SCO MDC Napoli
56%
Carlos Augusto BRA DG Inter Milano
56%
Cristiano Biraghi ITA DG Fiorentina
56%
Dan Ndoye SWI AD Bologna
56%
Dele Alli ENG MOC Como
56%
Éderson BRA MC Atalanta
56%
Elseid Hysaj ALB DD Lazio Roma
56%
Emerson Royal BRA DD AC Milano
56%
Federico Gatti ITA DC Juventus
56%
Gianluca Busio USA MC Venezia
56%
Hassane Kamara CIV DG Udinese
56%
Jhon Lucumí COL DC Bologna
56%
Jonathan Ikoné FRA AD Fiorentina
56%
Kristjan Asllani ALB MDC Inter Milano
56%
Lorenzo Pellegrini ITA MOC AS Roma
56%
Luca Pellegrini ITA DG Lazio Roma
56%
Luka Jović SRB BU AC Milano
56%
Marco Sportiello ITA GK AC Milano
56%
Mats Hummels GER DC AS Roma
56%
Matteo Gabbia ITA DC AC Milano
56%
Mattia Zaccagni ITA AG Lazio Roma
56%
Nicolò Fagioli ITA MC Juventus
56%
Noah Okafor SWI AG AC Milano
56%
Nuno Tavares POR DG Lazio Roma
56%
Pablo Marí ESP DC Monza
56%
Pedro ESP AD Lazio Roma
56%
Rafa Marín ESP DC Napoli
56%
Răzvan Marin ROU MDC Cagliari
56%
Ruslan Malinovskyi UKR MOC Genoa
56%
Samuel Gigot FRA DC Lazio Roma
56%
Sead Kolašinac BOS DC Atalanta
56%
Stefan de Vrij P-B DC Inter Milano
56%
Strahinja Pavlović SRB DC AC Milano
56%
Tijjani Reijnders P-B MC AC Milano
56%
Valentin Mihăilă ROU AG Parma
56%
Vanja Milinković-Savić SRB GK Torino
56%
Yann Karamoh FRA AG Torino
56%
Adam Marušić MON DD Lazio Roma
44%
Alberto Moreno ESP DG Como
44%
Amir Rrahmani KOS DC Napoli
44%
Andrea Belotti ITA BU Como
44%
Andrea Pinamonti ITA BU Genoa
44%
Borna Sosa HRV DLG Torino
44%
Ché Adams SCO BU Torino
44%
Christian Kouamé CIV BU Fiorentina
44%
Cyril Ngonge BEL AD Napoli
44%
Daniel Maldini ITA MOC Monza
44%
Davide Frattesi ITA MC Inter Milano
44%
Davide Zappacosta ITA DLD Atalanta
44%
Dodô BRA DD Fiorentina
44%
Eldor Shomurodov UZB BU AS Roma
44%
Evan Ndicka CIV DC AS Roma
44%
Fabiano Parisi ITA DG Fiorentina
44%
Fabio Miretti ITA MC Genoa
44%
Filippo Terracciano ITA DD AC Milano
44%
Fisayo Dele-Bashiru NIG MOC Lazio Roma
44%
Francisco Conceição POR AD Juventus
44%
Gabriele Zappa ITA DD Cagliari
44%
Giovanni Fabbian ITA MOC Bologna
44%
Gustav Isaksen DAN AD Lazio Roma
44%
Ignace van der Brempt BEL DD Como
44%
Jean Butez FRA GK Como
44%
Joaquín Correa ARG AT Inter Milano
44%
Jordan Zemura ZIM DG Udinese
44%
Juan Miranda ESP DG Bologna
44%
Kyle Walker ENG DD AC Milano
44%
Lautaro Valenti ARG DC Parma
44%
Leonardo Spinazzola ITA DG Napoli
44%
Lewis Ferguson SCO MOC Bologna
44%
Lorenzo Lucca ITA BU Udinese
44%
Loum Tchaouna FRA AD Lazio Roma
44%
Malick Thiaw GER DC AC Milano
44%
Mandela Keita BEL MDC Parma
44%
Marco Gila ESP DC Lazio Roma
44%
Marten De Roon P-B MDC Atalanta
44%
Matías Moreno ARG DC Fiorentina
44%
Matías Soulé ARG AD AS Roma
44%
Matías Vecino URU MC Lazio Roma
44%
Matteo Politano ITA AD Napoli
44%
Mattia Perin ITA GK Juventus
44%
Mattia Viti ITA DC Empoli
44%
Nicola Zalewski POL AG AS Roma
44%
Nicolò Rovella ITA MDC Lazio Roma
44%
Nico Paz ARG MOC Como
44%
Nikola Moro HRV MDC Bologna
44%
Nikola Vlašić HRV MOC Torino
44%
Odilon Kossounou CIV DC Atalanta
44%
Ondrej Duda SVK MC Hellas Verona
44%
Patrick Cutrone ITA BU Como
44%
Patrick Dorgu DAN AD Lecce
44%
Pierluigi Gollini ITA GK AS Roma
44%
Pietro Terracciano ITA GK Fiorentina
44%
Remo Freuler SWI MC Bologna
44%
Ridgeciano Haps SUR DG Venezia
44%
Rolando Mandragora ITA MDC Fiorentina
44%
Rui Patrício POR GK Atalanta
44%
Sam Beukema P-B DC Bologna
44%
Samuel Chukwueze NIG AD AC Milano
44%
Samuel Mbangula BEL AG Juventus
44%
Sandi Lovrić SVN MC Udinese
44%
Santiago Castro ARG BU Bologna
44%
Sebastian Walukiewicz POL DC Torino
44%
Stefan El Shaarawy ITA AG AS Roma
44%
Tommaso Baldanzi ITA MOC AS Roma
44%
Vitinha POR BU Genoa
44%
Yacine Adli FRA MDC Fiorentina
44%
Yann Bisseck GER DC Inter Milano
44%
Zeki Çelik TUR DD AS Roma
44%
Zion Suzuki JAP GK Parma
44%
Adam Masina MAR DC Torino
33%
Adrián Bernabé ESP MC Parma
33%
Alessandro Florenzi ITA DD AC Milano
33%
Amir Richardson MAR MC Fiorentina
33%
Andrea Cambiaso ITA DG Juventus
33%
Andrea Carboni ITA DC Monza
33%
Andrei Radu ROU GK Inter Milano
33%
Ante Rebić HRV AG Lecce
33%
Arthur Atta FRA MDC Udinese
33%
Assane Diao ESP AD Como
33%
Benja Domínguez ARG AG Bologna
33%
Berat Djimsiti ALB DC Atalanta
33%
Brenner BRA BU Udinese
33%
Brooke Norton-Cuffy ENG DD Genoa
33%
Bryan Cristante ITA MDC AS Roma
33%
Casper Tengstedt DAN BU Hellas Verona
33%
Christos Mandas GRE GK Lazio Roma
33%
Damián Pizarro CHL BU Udinese
33%
Danilo Veiga POR DD Lecce
33%
Devis Vásquez COL GK Empoli
33%
Edoardo Bove ITA MC Fiorentina
33%
Emil Holm SWE DD Bologna
33%
Francesco Zampano ITA DD Venezia
33%
Gabriel Strefezza BRA AD Como
33%
Gaby Jean FRA DC Lecce
33%
Gaetano Oristanio ITA MOC Venezia
33%
Gianluca Lapadula PER BU Cagliari
33%
Gianluca Mancini ITA DC AS Roma
33%
Giorgio Scalvini ITA DC Atalanta
33%
Grigoris Kastanos KYP MOC Hellas Verona
33%
Hamza Rafia TUN MC Lecce
33%
Hernani BRA MC Parma
33%
Iker Bravo ESP BU Udinese
33%
Isaak Touré FRA DC Udinese
33%
Isak Hien SWE DC Atalanta
33%
Jackson Tchatchoua CAM DD Hellas Verona
33%
Jacopo Fazzini ITA MC Empoli
33%
Jaka Bijol SVN DC Udinese
33%
Jay Idzes IND DC Venezia
33%
Jens Odgaard DAN BU Bologna
33%
Jesper Karlsson SWE AG Lecce
33%
Jesper Karlström SWE MDC Udinese
33%
Joan González ESP MC Lecce
33%
Joel Pohjanpalo FIN BU Venezia
33%
Johan Vásquez MEX DC Genoa
33%
John Yeboah EQU MOC Venezia
33%
Juan Cabal COL DG Juventus
33%
Keinan Davis ENG BU Udinese
33%
Koni De Winter BEL DC Genoa
33%
Lameck Banda ZAM AG Lecce
33%
Leandro Paredes ARG MDC AS Roma
33%
Liam Henderson SCO MC Empoli
33%
Liberato Cacace NZL DG Empoli
33%
Luca Ranieri ITA DC Fiorentina
33%
Lucas Da Cunha FRA MC Como
33%
Łukasz Skorupski POL GK Bologna
33%
Manuel Lazzari ITA DLD Lazio Roma
33%
Marco Carnesecchi ITA GK Atalanta
33%
Mario Pašalić HRV MC Atalanta
33%
Matteo Ruggeri ITA DLG Atalanta
33%
Matthias Braunöder ÖST MC Como
33%
Maxwel Cornet CIV AG Genoa
33%
Michael Folorunsho ITA MC Fiorentina
33%
Michel Aebischer SWI MC Bologna
33%
Nico González ARG AD Juventus
33%
Nicolò Cambiaghi ITA AT Bologna
33%
Nicolò Casale ITA DC Bologna
33%
Nicolò Savona ITA DD Juventus
33%
Nicolò Zaniolo ITA MOC Atalanta
33%
Oier Zarraga ESP MC Udinese
33%
Oussama El Azzouzi MAR MDC Bologna
33%
Pasquale Mazzocchi ITA DD Napoli
33%
Pietro Comuzzo ITA DC Fiorentina
33%
Pontus Almqvist SWE AD Parma
33%
Rafael Tolói ITA DC Atalanta
33%
Răzvan Sava ROU GK Udinese
33%
Reda Belahyane MAR MDC Hellas Verona
33%
Renato Veiga POR DC Juventus
33%
Riccardo Orsolini ITA AD Bologna
33%
Riccardo Sottil ITA AG Fiorentina
33%
Saba Sazonov GEO DC Empoli
33%
Santiago Pierotti ARG AD Lecce
33%
Saud Abdulhamid KSA DD AS Roma
33%
Simone Scuffet ITA GK Napoli
33%
Simon Sohm SWI MC Parma
33%
Stefan Posch ÖST DD Bologna
33%
Suat Serdar GER MC Hellas Verona
33%
Tijjani Noslin P-B AD Lazio Roma
33%
Tino Anjorin ENG MOC Empoli
33%
Toma Bašić HRV MC Lazio Roma
33%
Wladimiro Falcone ITA GK Lecce
33%
Youssef Maleh MAR MC Empoli
33%
Zito Luvumbo ANG BU Cagliari
33%
Alberto Dossena ITA DC Como
22%
Alessandro Bianco ITA MC Monza
22%
Alessandro Zanoli ITA DD Genoa
22%
Alexis Saelmaekers BEL AD AS Roma
22%
Alieu Njie SWE AG Torino
22%
Andrea Colpani ITA MOC Fiorentina
22%
Andrea Petagna ITA BU Monza
22%
Antonino Gallo ITA DG Lecce
22%
Arijon Ibrahimović GER MOC Lazio Roma
22%
Armando Izzo ITA DC Monza
22%
Balthazar Pierret FRA MDC Lecce
22%
Botond Balogh MAG DC Parma
22%
Caleb Ekuban GHA BU Genoa
22%
Charalampos Lykogiannis GRE DG Bologna
22%
Cheick Condé GUI MDC Venezia
22%
Christian Kabasele BEL DC Udinese
22%
Danilo Cataldi ITA MDC Fiorentina
22%
Dani Silva POR MC Hellas Verona
22%
Dany Mota POR AT Monza
22%
Darko Lazović SRB DLG Hellas Verona
22%
Diego Coppola ITA DC Hellas Verona
22%
Edoardo Goldaniga ITA DC Como
22%
Elia Caprile ITA GK Cagliari
22%
Emmanuel Gyasi GHA AG Empoli
22%
Enrico Delpato ITA DD Parma
22%
Fali Candé BGU DC Venezia
22%
Gabriel Charpentier CNG BU Parma
22%
Gianluca Caprari ITA AT Monza
22%
Gianluca Scamacca ITA BU Napoli
22%
Guillermo Maripán CHL DC Torino
22%
Ivan Ilić SRB MC Torino
22%
Jeff Ekhator NIG BU Genoa
22%
Jesse Joronen FIN GK Venezia
22%
Jones Rouhi SWE DG Juventus
22%
Juan Jesus BRA DC Napoli
22%
Junior Messias BRA AD Genoa
22%
Jurgen Ekkelenkamp P-B MOC Udinese
22%
Kacper Urbański POL MC Monza
22%
Karol Linetty POL MC Torino
22%
Lassana Coulibaly MAL MC Lecce
22%
Lorenzo Montipò ITA GK Hellas Verona
22%
Lucas Beltrán ARG MOC Fiorentina
22%
Luis Hasa ITA MC Napoli
22%
Maduka Okoye NIG GK Udinese
22%
Marc Oliver Kempf GER DC Como
22%
Marco Sala ITA DG Como
22%
Marcus Pedersen NOR DLD Torino
22%
Marin Pongračić HRV DC Fiorentina
22%
Mario Hermoso ESP DC AS Roma
22%
Martin Erlić HRV DC Bologna
22%
Martín Payero ARG MC Udinese
22%
Matteo Prati ITA MDC Cagliari
22%
Mattia Bani ITA DC Genoa
22%
Mërgim Vojvoda KOS DD Torino
22%
Michel Adopo FRA MC Cagliari
22%
Mikael Egill Ellertsson ISL MC Venezia
22%
Mohamed Kaba FRA MC Lecce
22%
Morten Frendrup DAN MC Genoa
22%
Morten Thorsby NOR MC Genoa
22%
Nahuel Estévez ARG MDC Parma
22%
Niccolò Pisilli ITA MC AS Roma
22%
Nikola Krstović MON BU Lecce
22%
Omari Forson ENG AD Monza
22%
Oumar Solet FRA DC Udinese
22%
Pedro Pereira POR DD Monza
22%
Perr Schuurs P-B DC Torino
22%
Raoul Bellanova ITA DLD Atalanta
22%
Saba Goglichidze GEO DC Empoli
22%
Samuel Iling-Junior ENG AG Bologna
22%
Saúl Coco EGU DC Torino
22%
Simone Pafundi ITA MOC Udinese
22%
Stefano Sabelli ITA DD Genoa
22%
Stefano Turati ITA GK Monza
22%
Thomas Kristensen DAN DC Udinese
22%
Tommaso Pobega ITA MC Bologna
22%
Warren Bondo FRA MC Monza
22%
Yerry Mina COL DC Cagliari
22%
Ylber Ramadani KOS MDC Lecce
22%
Aaron Ciammaglichella ITA MC Torino
11%
Adam Obert SVK DC Cagliari
11%
Adrian Benedyczak POL AG Parma
11%
Alan Matturro URU DC Genoa
11%
Alen Sherri ALB GK Cagliari
11%
Alessandro Deiola ITA MC Cagliari
11%
Alessandro Marcandalli ITA DC Genoa
11%
Alessandro Vogliacco ITA DC Parma
11%
Alessio Circati AUS DC Parma
11%
Alessio Zerbin ITA AG Venezia
11%
Alieu Fadera GAM AG Como
11%
Anas Haj Mohamed TUN AD Parma
11%
Antoine Hainaut FRA MC Parma
11%
Antoine Makoumbou CNG MDC Cagliari
11%
Antonio Candela ITA DD Venezia
11%
Antonio Grassi ITA MDC Empoli
11%
Ardian Ismajli ALB DC Empoli
11%
Arthur Melo BRA MDC Juventus
11%
Buba Sangaré ESP DD AS Roma
11%
Christian Früchtl GER GK Lecce
11%
Daniele Ghilardi ITA DC Hellas Verona
11%
Daniel Mosquera COL BU Hellas Verona
11%
Davide Faraoni ITA DD Hellas Verona
11%
David Pejičić SVN MOC Udinese
11%
Devyne Rensch P-B DD AS Roma
11%
Domagoj Bradarić HRV DG Hellas Verona
11%
Emanuele Valeri ITA DG Parma
11%
Emil Audero ITA GK Como
11%
Emil Bohinen NOR MDC Genoa
11%
Emirhan İlkhan TUR MC Torino
11%
Federico Baschirotto ITA DC Lecce
11%
Federico Ravaglia ITA GK Bologna
11%
Filip Marchwiński POL MOC Lecce
11%
Filip Stanković SRB GK Venezia
11%
Flavius Daniliuc ÖST DC Hellas Verona
11%
Frédéric Guilbert FRA DD Lecce
11%
Gaetano Castrovilli ITA MC Lazio Roma
11%
Gastón Pereiro URU MOC Genoa
11%
Georgios Kyriakopoulos GRE DLG Monza
11%
Giangiacomo Magnani ITA DC Hellas Verona
11%
Gianluca Gaetano ITA MOC Cagliari
11%
Giuseppe Pezzella ITA DG Empoli
11%
Hans Nicolussi Caviglia ITA MC Venezia
11%
Honest Ahanor ITA DG Genoa
11%
Ibrahim Sulemana GHA MDC Atalanta
11%
Jacopo Seghetti ITA GK Empoli
11%
Jakub Jankto CZE AG Cagliari
11%
Kialonda Gaspar ANG DC Lecce
11%
Kingsley Ehizibue P-B DD Udinese
11%
Lautaro Giannetti ARG DC Udinese
11%
Lior Kassa ISR MDC Genoa
11%
Lorenzo Colombo ITA BU Empoli
11%
Marco Brescianini ITA MC Atalanta
11%
Marco Palestra ITA DLD Atalanta
11%
Marin Šverko HRV DC Venezia
11%
Mathias Løvik NOR DG Parma
11%
Matteo Cancellieri ITA AD Parma
11%
Matteo Palma GER DC Udinese
11%
Matteo Pessina ITA MC Monza
11%
Mattia Felici ITA AG Cagliari
11%
Máximo Perrone ARG MDC Como
11%
Michael Svoboda ÖST DC Venezia
11%
Nadir Zortea ITA DLD Cagliari
11%
Nicolás Valentini ARG DC Fiorentina
11%
Ola Solbakken NOR AD Empoli
11%
Paweł Dawidowicz POL DC Hellas Verona
11%
Philip Billing DAN MC Napoli
11%
Roberto Piccoli ITA BU Cagliari
11%
Rui Modesto ANG DLD Udinese
11%
Samuel Dahl SWE DG AS Roma
11%
Sebastiano Esposito ITA AT Empoli
11%
Sebastiano Luperto ITA DC Cagliari
11%
Sergi Roberto ESP MC Como
11%
Tete Morente ESP AG Lecce
11%
Tomáš Suslov SVK MOC Hellas Verona
11%
Tommaso Augello ITA DG Cagliari
11%
Tyronne Ebuehi NIG DD Empoli
11%
Vasilije Adžić MON MOC Juventus
11%
Yannik Engelhardt GER MDC Como
11%
Abdou Harroui MAR MC Hellas Verona
0%
Alessandro Gabrielloni ITA BU Como
0%
Alessio Cragno ITA GK Monza
0%
Alfred Duncan GHA MC Venezia
0%
Alphadjo Cissè ITA MOC Hellas Verona
0%
Ayanda Sishuba BEL MOC Hellas Verona
0%
Egil Selvik NOR GK Udinese
0%
Enzo Ebosse CAM DC Udinese
0%
Giovanni Leoni ITA DC Parma
0%
Issa Doumbia ITA MC Venezia
0%
Jacob Ondrejka SWE AG Parma
0%
Joël Schingtienne BEL DC Venezia
0%
Junior Sambia FRA DD Empoli
0%
Kevin Bonifazi ITA DC Lecce
0%
Kevin Zeroli ITA MC AC Milano
0%
Kingstone Mutandwa ZAM BU Cagliari
0%
Luca Caldirola ITA DC Monza
0%
Luca Mazzitelli ITA MC Como
0%
Martin Frese DAN DG Hellas Verona
0%
Mattia De Sciglio ITA DD Empoli
0%
Mattia Valoti ITA MC Monza
0%
Medon Berisha ALB MC Lecce
0%
Milan Đurić SRB BU Parma
0%
Patrick Ciurria ITA DLD Monza
0%
Richie Sagrado ITA DD Venezia
0%
Roberto Gagliardini ITA MC Monza
0%
Samuele Birindelli ITA DD Monza
0%
Samuele Vignato ITA MOC Monza
0%
Simone Verdi ITA MOC Como
0%
Stefan Leković SRB DC Monza
0%
Stefano Sensi ITA MC Monza
0%
Szymon Żurkowski POL MC Empoli
0%
Tomás Palacios ARG DC Inter Milano
0%
Tommaso Martinelli ITA GK Fiorentina
0%
Yordan Osorio VEN DC Parma
0%
Zanos Savva KYP AD Torino
0%
Aucun quiz correspondant
Distribution des résultats
% des personnes avec chaque résultat
Percentile par nombre de réponses
Votre historique - résultats
Vous n’avez pas pris ce quiz depuis la dernière actualisation